Todas las Canciones del Álbum de Mora Paraíso - Estadísticas

Estadísticas generales
  • Esta prueba ha sido intentada 79 veces
  • La puntuación promedio es 10 de 14
Estadísticas de respuestas
Hint Respuesta % Correcto
3 APA
89%
1 Bienvenido al Paraíso
88%
2 Domingo de Bote
81%
7 Modelito
80%
4 Calentón
77%
8 Casualidad
75%
12 Como Has Estau?
75%
11 Eivissa
73%
9 Airbnb
72%
6 En la Orilla
72%
13 Malafama
70%
5 Cositas
67%
14 Qué habilidad
66%
10 Tú Sabes Donde Vivo
53%
No se encontraron pruebas coincidentes
Distribución de puntuación
Porcentaje de gente con cada puntuación
Porcentaje por número respondido
Historial de tus puntuaciones
No has intentado esta prueba.